=LDR 00000nam 2200000 4500 =001 000866 =005 20250712095512 =035 ##$$a 0010-0725000744 =007 ta =008 250712################a##########0#ind## =020 ##$$a 978-623-472-581-0 =082 ##$$a 398.209 598 =084 ##$$a 398.209 598 BAN d =100 #$$a bandukwala,lubaina =245 1#$$a Ding dong /$c lubaina bandukwala =250 ##$$a Pertama =260 ##$$a Jakarta :$b Badan pengembangan dan pembinaan,$c 2022 =300 ##$$a 20 Hlm. : $b ilus. ; $c 22,9 =650 #4$$a Cerita anak Indonesia terjemahan =650 #4$$a Literasi bahan bacaan =990 ##$$a TBM202400784